00705nam a2200205 i 4500001000300000100003500003245004400038250001500082260005100097300002600148504003600174650004900210650004600259020001500305040000800320041000700328080002500335008004100360856009800401bg1 aZELIAŚ, Aleksanderd(1939- )10aTeoria prognozy /cAleksander Zeliaś. aWyd. 3 zm. aWarszawa :bPolskie Wydaw. Ekonomiczne,c1997. a383, [1] s. ;c21 cm. aBibliogr. s. 373-380. - Indeks. 9aEkonometriaxmetodyxpodręcznik akademicki 9aPrognozyxteoriaxpodręcznik akademicki a8320810817 cBPK0 apl a008.2:330.43](075.8) s pl f |000 0 pol  uhttp://koha.tu.koszalin.pl/cgi-bin/koha/opac-detail.pl?biblionumber=33392yKatalog online BPK